• 首页
  • 本馆介绍
  • 公告通知
  • 最新文献
  • 馆藏检索
  • 电子资源
  • 读者导购
  • 参考咨询
  • 我的图书馆
  • 登录
  • 详细信息显示
  • 放入我的书架
  • 预约/预借图书
  • 作者相关作品
  • 分类相关作品
  • 丛书相关作品
  • 出版社相关作品

书目信息

  • 表格格式
  • 工作单格式
  • 卡片格式
题名:
精细有机合成
    
 
作者: 冯亚青 , 王世荣 , 张宝 主编
分册:  
出版信息: 北京   化学工业出版社  2020.01
页数: 317页
开本: 26cm
丛书名:
单 册:
中图分类: TQ202
科图分类:
主题词: 精细化工--jing xi hua gong--有机合成--高等学校--教材
电子资源:
ISBN: 978-7-122-32245-6
000 01120nam0 2200277 450
001 2031102686
005 20201120091153.72
010    @a978-7-122-32245-6@dCNY49.00
100    @a20181129d2020 em y0chiy50 ea
101 0  @achi
102    @aCN@b110000
105    @aa z 000yy
106    @ar
200 1  @a精细有机合成@9jing xi you ji he cheng@f冯亚青, 王世荣, 张宝主编
205    @a3版
210    @a北京@c化学工业出版社@d2020.01
215    @a317页@c图@d26cm
300    @a普通高等教育“十一五”国家级规划教材面向21世纪课程教材
330    @a本书以单元反应为体系,在综述精细有机合成的理论和新技术的基础上分章讨论有关单元反应的理论、影响因素和生产工艺,并有若干典型生产实例。主要单元反应包括:卤化、磺化和硫酸化、硝化和亚硝化、还原、氧化、重氮化和重氮盐的反应、氨基化、烃化、酰化、水解、缩合和环合。每章末附有若干习题、参考文献。
606 0  @a精细化工@9jing xi hua gong@x有机合成@x高等学校@j教材
690    @aTQ202@v5
701  0 @a冯亚青@9feng ya qing@4主编
701  0 @a王世荣@9wang shi rong@4主编
701  0 @a张宝@9zhang bao@4主编
801  0 @aCN@bBJSZM@c20201119
905    @b1214834-7@dTQ202@e47=3@f4
    
    精细有机合成/冯亚青, 王世荣, 张宝主编.-3版.-北京:化学工业出版社,2020.01
    317页:图;26cm
    普通高等教育“十一五”国家级规划教材面向21世纪课程教材
    
    ISBN 978-7-122-32245-6:CNY49.00
    本书以单元反应为体系,在综述精细有机合成的理论和新技术的基础上分章讨论有关单元反应的理论、影响因素和生产工艺,并有若干典型生产实例。主要单元反应包括:卤化、磺化和硫酸化、硝化和亚硝化、还原、氧化、重氮化和重氮盐的反应、氨基化、烃化、酰化、水解、缩合和环合。每章末附有若干习题、参考文献。
●
相关链接 在E读中查询图书 在五车中查询图书 在当当中查询图书 在豆瓣中查询图书


正题名:精细有机合成     索取号:TQ202/47=3         预约/预借

序号 登录号 条形码 馆藏地/架位号 状态 备注
1 1214834   212148344   第二样本阅览室/ [索取号:TQ202/47=3] 在馆    
2 1214835   212148353   第三借阅区/ [索取号:TQ202/47=3] 在馆    
3 1214836   212148362   第三借阅区/ [索取号:TQ202/47=3] 在馆    
4 1214837   212148371   第三借阅区/ [索取号:TQ202/47=3] 在馆    
唐山师范学院图书馆 欢迎您!
大连网信软件有限公司© 版权所有